[Event "Beijing Sportaccord rap"]
[Site "Beijing"]
[Date "2012.12.15"]
[Round "6"]
[White "Kamsky, Gata"]
[Black "Karjakin, Sergey"]
[Result "1-0"]
[WhiteElo "2762"]
[BlackElo "2775"]
[PlyCount "149"]
[EventDate "2012.12.14"]
[EventType "swiss (rapid)"]
[EventRounds "7"]
[EventCountry "CHN"]
[SourceTitle "EXT 2014"]
[Source "ChessBase"]
[SourceDate "2013.11.20"]
[SourceVersion "1"]
[SourceVersionDate "2013.11.20"]
[SourceQuality "1"]

1. e4 e5 2. Nf3 Nc6 3. Bb5 a6 4. Ba4 Nf6 5. O-O Be7 6. d3 b5 7. Bb3 d6 8. a3
O-O 9. Re1 Na5 10. Ba2 c5 11. Nc3 Be6 12. Bg5 Nc6 13. Bxf6 Bxf6 14. Nd5 g6 15.
c3 Bg7 16. h4 Kh8 17. g3 f5 18. Ng5 Bg8 19. exf5 gxf5 20. Qh5 h6 21. Kg2 Ne7
22. Qf3 Ra7 23. Nxe7 Rxe7 24. Bxg8 Rxg8 25. Nh3 Qa8 26. Nf4 Rb7 27. Nd5 Rf8 28.
a4 bxa4 29. Re2 Qe8 30. Nf4 Rb3 31. h5 Kh7 32. Qd5 Rf6 33. Ng6 Qb5 34. Ne7 Qe8
35. Ng6 Rb8 36. f4 Re6 37. Rf1 Qf7 38. g4 fxg4 39. Kg1 Rf6 40. Qe4 Kg8 41. Qxa4
Rf5 42. Qe4 Re8 43. c4 Re6 44. Rff2 Rxh5 45. f5 Rf6 46. Rf1 Rg5 47. Ref2 Qd7
48. Kg2 Rf7 49. f6 Bf8 50. Kg3 Qe6 51. b3 a5 52. Nh4 Qd7 53. Ng6 Qe6 54. Nh4
Qd7 55. Nf5 Kh8 56. Ne3 Rh5 57. Nd5 Rh3+ 58. Kg2 g3 59. Rf5 Rh2+ 60. Kxg3 Rb2
61. Rh1 Qe6 62. Rf3 Rh7 63. Qg6 Rxb3 64. Rh4 Rb1 65. Kh2 Rb2+ 66. Kh1 a4 67.
Rg4 Qf7 68. Qf5 a3 69. Ne7 a2 70. Ng6+ Qxg6 71. Qxg6 a1=Q+ 72. Rg1 Qxg1+ 73.
Kxg1 Rb1+ 74. Kg2 Rb2+ 75. Kh3 1-0

[Event "Beijing Sportaccord blindfold"]
[Site "Beijing"]
[Date "2012.12.19"]
[Round "6"]
[White "Karjakin, Sergey"]
[Black "Kamsky, Gata"]
[Result "0-1"]
[WhiteElo "2775"]
[BlackElo "2762"]
[PlyCount "88"]
[EventDate "2012.12.18"]
[EventType "swiss (rapid)"]
[EventRounds "7"]
[EventCountry "CHN"]
[SourceTitle "EXT 2014"]
[Source "ChessBase"]
[SourceDate "2013.11.20"]
[SourceVersion "1"]
[SourceVersionDate "2013.11.20"]
[SourceQuality "1"]

1. e4 c6 2. d4 d5 3. e5 Bf5 4. Nf3 e6 5. Be2 Nd7 6. O-O h6 7. a4 Ne7 8. a5 a6
9. c3 g5 10. Ne1 c5 11. Bd3 Qc7 12. f4 g4 13. dxc5 Nxc5 14. Be2 h5 15. Be3 Bxb1
16. Rxb1 Nf5 17. Bd4 Ne4 18. Ra1 Bc5 19. Nc2 g3 20. h3 Rc8 21. Bd3 Nf2 22. Qf3
Bxd4 23. Nxd4 Nxd4 24. cxd4 h4 25. Rxf2 gxf2+ 26. Qxf2 Qe7 27. Qd2 Rg8 28. Kh2
Rg3 29. Rf1 Kd7 30. Be2 Kc7 31. f5 Kb8 32. fxe6 fxe6 33. Rf6 Qh7 34. Qb4 Ka8
35. Rf2 Qe4 36. Bg4 Rxg2+ 37. Rxg2 Qf4+ 38. Kh1 Rc1+ 39. Bd1 Rxd1+ 40. Rg1 Qe4+
41. Kh2 Qf4+ 42. Kh1 Qf3+ 43. Kh2 Qf2+ 44. Rg2 Qf4+ 0-1

[Event "Beijing Sportaccord blindfold"]
[Site "Beijing"]
[Date "2012.12.19"]
[Round "7"]
[White "Kamsky, Gata"]
[Black "Leko, Peter"]
[Result "1-0"]
[WhiteElo "2762"]
[BlackElo "2732"]
[PlyCount "103"]
[EventDate "2012.12.18"]
[EventType "swiss (rapid)"]
[EventRounds "7"]
[EventCountry "CHN"]
[SourceTitle "EXT 2014"]
[Source "ChessBase"]
[SourceDate "2013.11.20"]
[SourceVersion "1"]
[SourceVersionDate "2013.11.20"]
[SourceQuality "1"]

1. g3 Nf6 2. Bg2 d5 3. f4 g6 4. Nf3 Bg7 5. d3 b6 6. O-O Bb7 7. c3 O-O 8. a4 a6
9. Qc2 Nbd7 10. Re1 Re8 11. Na3 e5 12. fxe5 Nxe5 13. Nxe5 Rxe5 14. Bf4 Re8 15.
Qd2 Qd7 16. Nc2 Re7 17. a5 b5 18. b4 Nh5 19. Bh6 Bxh6 20. Qxh6 Ng7 21. Qf4 Rae8
22. Qf2 Qd6 23. Rf1 f5 24. Nd4 c5 25. bxc5 Qxc5 26. Rfc1 Nh5 27. Bf3 Nf6 28.
Nb3 Qd6 29. Qc5 Qe6 30. Qd4 Bc8 31. Qf4 Kg7 32. Nd4 Qd7 33. h4 h6 34. Rf1 Re5
35. Rf2 Qd6 36. c4 bxc4 37. Rb1 cxd3 38. exd3 Re1+ 39. Rf1 Rxf1+ 40. Rxf1 Qc5
41. Rc1 Qxa5 42. Rc7+ Bd7 43. Kg2 Qb6 44. Bxd5 Qb2+ 45. Kh3 Re7 46. Qd6 Nxd5
47. Rxd7 Rxd7 48. Qxd7+ Kf6 49. Qd6+ Kg7 50. Ne6+ Kf7 51. Qxd5 Qf2 52. Ng5+ 1-0

[Event "Gibraltar Masters 11th"]
[Site "Caleta"]
[Date "2013.01.22"]
[Round "1"]
[White "Aerni, Andreas"]
[Black "Kamsky, Gata"]
[Result "1/2-1/2"]
[WhiteElo "2206"]
[BlackElo "2740"]
[PlyCount "48"]
[EventDate "2013.01.22"]
[EventType "swiss"]
[EventRounds "10"]
[EventCountry "GGB"]
[SourceTitle "CBM 153"]
[Source "ChessBase"]
[SourceDate "2013.03.14"]
[SourceVersion "1"]
[SourceVersionDate "2013.03.14"]
[SourceQuality "1"]

1. e4 c5 2. c3 Nf6 3. e5 Nd5 4. d4 cxd4 5. Nf3 Nc6 6. cxd4 d6 7. Bc4 Nb6 8. Bb5
Bd7 9. e6 Bxe6 10. Ng5 Bd5 11. Nc3 e6 12. O-O Be7 13. Qh5 Bxg5 14. Bxg5 Qd7 15.
a4 a6 16. a5 axb5 17. axb6 O-O 18. Bf6 gxf6 19. Qg4+ Kh8 20. Nxd5 f5 21. Qh4
exd5 22. Qf6+ Kg8 23. Qg5+ Kh8 24. Qf6+ Kg8 1/2-1/2

[Event "Gibraltar Masters 11th"]
[Site "Caleta"]
[Date "2013.01.23"]
[Round "2"]
[White "Kamsky, Gata"]
[Black "Kvisla, Johannes Luangtep"]
[Result "1-0"]
[WhiteElo "2740"]
[BlackElo "2148"]
[PlyCount "57"]
[EventDate "2013.01.22"]
[EventType "swiss"]
[EventRounds "10"]
[EventCountry "GGB"]
[SourceTitle "CBM 153"]
[Source "ChessBase"]
[SourceDate "2013.03.14"]
[SourceVersion "1"]
[SourceVersionDate "2013.03.14"]
[SourceQuality "1"]

1. e4 e6 2. d4 d5 3. Nc3 Bb4 4. e5 c5 5. a3 Bxc3+ 6. bxc3 Ne7 7. h4 b6 8. Qg4
Qc7 9. Qxg7 Rg8 10. Qxh7 cxd4 11. Rh3 Qxe5+ 12. Ne2 dxc3 13. Bf4 Qe4 14. Qxe4
dxe4 15. Bg5 e5 16. Rxc3 Nd7 17. O-O-O f6 18. Be3 Nf5 19. Rc7 Nxe3 20. fxe3 Nc5
21. Nc3 Bg4 22. Rd6 Ne6 23. Bb5+ Kf8 24. Rcc6 Kf7 25. Bc4 Rge8 26. Nxe4 Rac8
27. Rxe6 Bxe6 28. Bxe6+ Rxe6 29. Rxc8 1-0

[Event "Gibraltar Masters 11th"]
[Site "Caleta"]
[Date "2013.01.24"]
[Round "3"]
[White "Milliet, Sophie"]
[Black "Kamsky, Gata"]
[Result "0-1"]
[WhiteElo "2403"]
[BlackElo "2740"]
[PlyCount "110"]
[EventDate "2013.01.22"]
[EventType "swiss"]
[EventRounds "10"]
[EventCountry "GGB"]
[SourceTitle "CBM 153"]
[Source "ChessBase"]
[SourceDate "2013.03.14"]
[SourceVersion "1"]
[SourceVersionDate "2013.03.14"]
[SourceQuality "1"]

1. e4 c6 2. d4 d5 3. Nc3 g6 4. h3 Bg7 5. Nf3 Nh6 6. Bd3 O-O 7. O-O f6 8. exd5
cxd5 9. Ne2 Nc6 10. c4 Nb4 11. cxd5 Nxd3 12. Qxd3 Qxd5 13. Nf4 Qf7 14. Re1 g5
15. Ne2 Bf5 16. Qa3 Rfe8 17. Ng3 Bd7 18. Bd2 Nf5 19. Nxf5 Bxf5 20. Rac1 e6 21.
Bb4 b6 22. Qb3 Qd7 23. Ba3 h5 24. Re2 Rad8 25. Rce1 Qd5 26. Qxd5 Rxd5 27. b3
Kf7 28. Bb2 Rc8 29. Nd2 Bf8 30. a3 Rb5 31. Rc1 Rxc1+ 32. Bxc1 Bd6 33. Nc4 Bc7
34. Rb2 Rd5 35. Be3 b5 36. Nd2 Bb6 37. Nf3 g4 38. hxg4 hxg4 39. Nh4 Be4 40. f3
gxf3 41. gxf3 Bh7 42. Rd2 e5 43. Ng2 exd4 44. Bf2 Rd8 45. Nf4 Bc7 46. Nd3 Bd6
47. b4 Bc7 48. Kf1 Bxd3+ 49. Rxd3 Bb6 50. Ke1 Ke6 51. a4 bxa4 52. Ra3 Kd5 53.
Rxa4 Kc4 54. Kd2 Rh8 55. Ra2 d3 0-1

[Event "Gibraltar Masters 11th"]
[Site "Caleta"]
[Date "2013.01.26"]
[Round "5"]
[White "Sandipan, Chanda"]
[Black "Kamsky, Gata"]
[Result "1/2-1/2"]
[WhiteElo "2590"]
[BlackElo "2740"]
[PlyCount "68"]
[EventDate "2013.01.22"]
[EventType "swiss"]
[EventRounds "10"]
[EventCountry "GGB"]
[SourceTitle "CBM 153"]
[Source "ChessBase"]
[SourceDate "2013.03.14"]
[SourceVersion "1"]
[SourceVersionDate "2013.03.14"]
[SourceQuality "1"]

1. e4 e5 2. Nf3 Nc6 3. Bb5 a6 4. Ba4 Nf6 5. O-O Be7 6. d3 b5 7. Bb3 d6 8. a4
Bd7 9. c3 O-O 10. Bc2 Re8 11. Re1 h6 12. Nbd2 Bf8 13. Nf1 g6 14. h3 d5 15. exd5
Nxd5 16. Bb3 Nf6 17. axb5 axb5 18. Rxa8 Qxa8 19. Ng3 Be6 20. Bxe6 Rxe6 21. d4
Qe8 22. dxe5 Nxe5 23. Nd4 Re7 24. Bf4 b4 25. cxb4 Nd5 26. Bxe5 Rxe5 27. Rxe5
Qxe5 28. Nf3 Qe6 29. b5 Bd6 30. Ne2 Qe4 31. Ned4 Nf4 32. Qc2 Qa8 33. Qb1 Bc5
34. Qc1 Nd3 1/2-1/2

[Event "Gibraltar Masters 11th"]
[Site "Caleta"]
[Date "2013.01.27"]
[Round "6"]
[White "Kamsky, Gata"]
[Black "Kulaots, Kaido"]
[Result "1-0"]
[WhiteElo "2740"]
[BlackElo "2587"]
[PlyCount "95"]
[EventDate "2013.01.22"]
[EventType "swiss"]
[EventRounds "10"]
[EventCountry "GGB"]
[SourceTitle "CBM 153"]
[Source "ChessBase"]
[SourceDate "2013.03.14"]
[SourceVersion "1"]
[SourceVersionDate "2013.03.14"]
[SourceQuality "1"]

1. d4 Nf6 2. Nf3 g6 3. Bf4 Bg7 4. e3 d6 5. h3 O-O 6. c3 b6 7. a4 c5 8. Be2 Ba6
9. O-O Bxe2 10. Qxe2 Nc6 11. Rd1 Qc8 12. d5 Nb8 13. e4 Nbd7 14. Na3 Ne8 15. Nc4
Qa6 16. Bg5 f6 17. Bf4 Nc7 18. Qd3 Rad8 19. Ne3 Qxd3 20. Rxd3 a6 21. Rdd1 Ra8
22. g4 b5 23. b3 Ne5 24. Ne1 Nf7 25. Kg2 Rfb8 26. Nd3 Ne5 27. Ra3 Nxd3 28. Rxd3
Rb7 29. c4 Rab8 30. axb5 axb5 31. Rd2 bxc4 32. bxc4 Kf7 33. Rda2 Ne8 34. Ra7
Rxa7 35. Rxa7 Rb3 36. h4 Rc3 37. h5 Rb3 38. h6 Bf8 39. g5 fxg5 40. Bxg5 Nf6 41.
f3 Rb2+ 42. Kg1 Rb1+ 43. Kf2 Rb2+ 44. Ke1 Rb8 45. e5 dxe5 46. d6 Ke6 47. dxe7
Bxe7 48. Nd5 1-0

[Event "Gibraltar Masters 11th"]
[Site "Caleta"]
[Date "2013.01.28"]
[Round "7"]
[White "Iturrizaga Bonelli, Eduardo"]
[Black "Kamsky, Gata"]
[Result "0-1"]
[WhiteElo "2650"]
[BlackElo "2740"]
[PlyCount "80"]
[EventDate "2013.01.22"]
[EventType "swiss"]
[EventRounds "10"]
[EventCountry "GGB"]
[SourceTitle "CBM 153"]
[Source "ChessBase"]
[SourceDate "2013.03.14"]
[SourceVersion "1"]
[SourceVersionDate "2013.03.14"]
[SourceQuality "1"]

1. d4 d5 2. c4 c6 3. Nf3 Nf6 4. Nc3 a6 5. a4 e6 6. g3 Nbd7 7. Bg2 Bb4 8. O-O
O-O 9. Qd3 a5 10. Nd2 b6 11. e4 Ba6 12. Rd1 Rc8 13. b3 dxc4 14. Nxc4 b5 15. Ne3
Nc5 16. Qb1 Bxc3 17. dxc5 Qe7 18. Bb2 Bb4 19. Nc2 Bxc5 20. axb5 Bxb5 21. Rxa5
Ng4 22. Bd4 e5 23. Be3 Rcd8 24. Ra1 Bd3 25. Qc1 Bxc2 26. Rxd8 Rxd8 27. Qxc2
Bxe3 28. fxe3 Nxe3 29. Qxc6 Qb4 30. Qa4 Qb6 31. Kh1 g6 32. Qa2 Rd3 33. Qb2 Rd1+
34. Rxd1 Nxd1 35. Qb1 Nf2+ 36. Kg1 Nxe4+ 37. Kh1 Nf2+ 38. Kg1 Qe3 39. Bf1 Nd1+
40. Kh1 Qe1 0-1

[Event "Gibraltar Masters 11th"]
[Site "Caleta"]
[Date "2013.01.29"]
[Round "8"]
[White "Kamsky, Gata"]
[Black "Vitiugov, Nikita"]
[Result "1/2-1/2"]
[WhiteElo "2740"]
[BlackElo "2694"]
[PlyCount "79"]
[EventDate "2013.01.22"]
[EventType "swiss"]
[EventRounds "10"]
[EventCountry "GGB"]
[SourceTitle "CBM 153"]
[Source "ChessBase"]
[SourceDate "2013.03.14"]
[SourceVersion "1"]
[SourceVersionDate "2013.03.14"]
[SourceQuality "1"]

1. d4 Nf6 2. c4 e6 3. g3 Bb4+ 4. Bd2 Be7 5. Bg2 d5 6. Nf3 c6 7. Qc2 O-O 8. O-O
b6 9. Rd1 Nbd7 10. Bf4 Bb7 11. Nc3 dxc4 12. Nd2 Nd5 13. Nxc4 Nxf4 14. gxf4 Qc7
15. e3 Rad8 16. a4 Bb4 17. Ne4 Be7 18. a5 c5 19. axb6 axb6 20. dxc5 Nxc5 21.
Ne5 Qc8 22. Nxc5 Bxg2 23. Kxg2 bxc5 24. Rxd8 Qb7+ 25. Kg1 Rxd8 26. Rd1 Rxd1+
27. Qxd1 Qxb2 28. Qa4 Qb1+ 29. Kg2 Qb7+ 30. Kf1 Qc8 31. Ke2 f6 32. Qc6 Qxc6 33.
Nxc6 Kf7 34. Kd3 Bd6 35. Nd8+ Ke7 36. Nb7 Kd7 37. Kc4 Kc6 38. Nd8+ Kd7 39. Nb7
Kc6 40. Nd8+ 1/2-1/2

[Event "Gibraltar Masters 11th"]
[Site "Caleta"]
[Date "2013.01.31"]
[Round "10"]
[White "Kamsky, Gata"]
[Black "Ibarra Jerez, Jose Carlos"]
[Result "1-0"]
[WhiteElo "2740"]
[BlackElo "2538"]
[PlyCount "69"]
[EventDate "2013.01.22"]
[EventType "swiss"]
[EventRounds "10"]
[EventCountry "GGB"]
[SourceTitle "CBM 153"]
[Source "ChessBase"]
[SourceDate "2013.03.14"]
[SourceVersion "1"]
[SourceVersionDate "2013.03.14"]
[SourceQuality "1"]

1. e4 c5 2. Nf3 Nf6 3. e5 Nd5 4. d4 cxd4 5. Qxd4 e6 6. g3 Nc6 7. Qe4 d6 8. Bg2
Qc7 9. exd6 Bxd6 10. O-O f5 11. Qe2 O-O 12. c4 Nf6 13. Nc3 a6 14. a3 Na5 15.
Rd1 Nb3 16. Rb1 Nxc1 17. Rbxc1 Re8 18. c5 Bf8 19. Na4 e5 20. Nb6 Rb8 21. Ng5 g6
22. Qc4+ Kh8 23. Nf7+ Kg7 24. Nd6 Bxd6 25. Rxd6 Qf7 26. Qc3 Ne4 27. Bxe4 fxe4
28. c6 bxc6 29. Rxc6 Bh3 30. Rc7 Re7 31. Nd5 Rxc7 32. Qxe5+ Kh6 33. Rxc7 Re8
34. Qd4 Qf3 35. Nf4 1-0

[Event "Moscow Aeroflot rapid op qual"]
[Site "Moscow"]
[Date "2013.02.12"]
[Round "3"]
[White "Andriasian, Zaven"]
[Black "Kamsky, Gata"]
[Result "1/2-1/2"]
[WhiteElo "2608"]
[BlackElo "2740"]
[PlyCount "55"]
[EventDate "2013.02.12"]
[EventType "swiss (rapid)"]
[EventRounds "9"]
[EventCountry "RUS"]
[SourceTitle "CBM 152 Extra"]
[Source "ChessBase"]
[SourceDate "2013.02.25"]
[SourceVersion "1"]
[SourceVersionDate "2013.02.25"]
[SourceQuality "1"]

1. e4 c5 2. Nf3 e6 3. d4 cxd4 4. Nxd4 a6 5. Bd3 g6 6. a4 Bg7 7. Nb3 b6 8. N1d2
Nc6 9. Qf3 Nge7 10. Qe2 Qc7 11. Nf3 O-O 12. O-O Bb7 13. Re1 h6 14. h4 f5 15. c3
Nd8 16. e5 Nf7 17. Bf4 Rfe8 18. Nbd4 Nc6 19. Rad1 Rad8 20. Bc2 Qc8 21. Bg3 Qa8
22. Bb3 Ne7 23. Rd2 g5 24. Red1 Be4 25. Bh2 f4 26. Ne1 Qb7 27. Ndf3 g4 28. Bc4
1/2-1/2

[Event "Moscow Aeroflot rapid op qual"]
[Site "Moscow"]
[Date "2013.02.12"]
[Round "4"]
[White "Kamsky, Gata"]
[Black "Volkov, Sergey"]
[Result "1-0"]
[WhiteElo "2740"]
[BlackElo "2593"]
[PlyCount "103"]
[EventDate "2013.02.12"]
[EventType "swiss (rapid)"]
[EventRounds "9"]
[EventCountry "RUS"]
[SourceTitle "CBM 152 Extra"]
[Source "ChessBase"]
[SourceDate "2013.02.25"]
[SourceVersion "1"]
[SourceVersionDate "2013.02.25"]
[SourceQuality "1"]

1. d4 d5 2. c4 c6 3. Nf3 Nf6 4. Qc2 g6 5. cxd5 cxd5 6. Nc3 Nc6 7. Bf4 Bf5 8.
Qb3 Na5 9. Qd1 a6 10. e3 Rc8 11. Ne5 Bg7 12. Be2 O-O 13. O-O Ne4 14. Rc1 Nxc3
15. bxc3 Re8 16. h3 f6 17. Nf3 e5 18. Bg3 e4 19. Nd2 Be6 20. a4 Bf8 21. Qc2 Bd6
22. Bxd6 Qxd6 23. Qb2 f5 24. Qb4 Qc7 25. f4 exf3 26. Bxf3 Bf7 27. Rfe1 Re7 28.
Kf2 h5 29. h4 Nc6 30. Qb3 f4 31. Nf1 fxe3+ 32. Nxe3 Qh2 33. Rh1 Qf4 34. Nxd5
Qd2+ 35. Kg3 Rd7 36. Rhd1 Qh6 37. c4 g5 38. Qe3 gxh4+ 39. Kxh4 Qxe3 40. Nxe3
Nxd4 41. Bxb7 Re8 42. Rc3 Rxe3 43. Rxe3 Nf5+ 44. Kg5 Rxd1 45. Kxf5 Bxc4 46. Kg5
Rd7 47. Bf3 Bd5 48. Rd3 Rg7+ 49. Kxh5 Bxf3+ 50. gxf3 Rg1 51. Rd6 a5 52. Rg6+
1-0

[Event "Moscow Aeroflot rapid op qual"]
[Site "Moscow"]
[Date "2013.02.13"]
[Round "5"]
[White "Popov, Ivan1"]
[Black "Kamsky, Gata"]
[Result "1/2-1/2"]
[WhiteElo "2627"]
[BlackElo "2740"]
[PlyCount "55"]
[EventDate "2013.02.12"]
[EventType "swiss (rapid)"]
[EventRounds "9"]
[EventCountry "RUS"]
[SourceTitle "CBM 152 Extra"]
[Source "ChessBase"]
[SourceDate "2013.02.25"]
[SourceVersion "1"]
[SourceVersionDate "2013.02.25"]
[SourceQuality "1"]

1. e4 e5 2. Nf3 Nc6 3. Nc3 Nf6 4. Bb5 Bb4 5. O-O O-O 6. Bxc6 dxc6 7. Nxe5 Re8
8. Nd3 Bxc3 9. dxc3 Nxe4 10. Qf3 Qf6 11. Qf4 Qxf4 12. Bxf4 Nd6 13. Rfe1 Bf5 14.
f3 f6 15. g4 Bg6 16. Kf2 Nc4 17. b3 Na3 18. Rxe8+ Rxe8 19. Nc5 b6 20. Na6 Nb5
21. Nxc7 Nxc7 22. Bxc7 Re7 23. Bf4 Bxc2 24. Re1 Kf7 25. Rxe7+ Kxe7 26. Bb8 a6
27. Ba7 b5 28. Ke3 1/2-1/2

[Event "Moscow Aeroflot rapid op qual"]
[Site "Moscow"]
[Date "2013.02.13"]
[Round "6"]
[White "Kamsky, Gata"]
[Black "Nyzhnyk, Illya"]
[Result "1-0"]
[WhiteElo "2740"]
[BlackElo "2637"]
[PlyCount "100"]
[EventDate "2013.02.12"]
[EventType "swiss (rapid)"]
[EventRounds "9"]
[EventCountry "RUS"]
[SourceTitle "CBM 152 Extra"]
[Source "ChessBase"]
[SourceDate "2013.02.25"]
[SourceVersion "1"]
[SourceVersionDate "2013.02.25"]
[SourceQuality "1"]

1. Nf3 Nf6 2. d4 g6 3. Bf4 Bg7 4. e3 d6 5. h3 O-O 6. c3 b6 7. Be2 Bb7 8. O-O c5
9. a4 a6 10. Bh2 Nbd7 11. Nbd2 Qc7 12. Bd3 Rad8 13. e4 c4 14. Bc2 e5 15. Re1
Rfe8 16. b3 cxb3 17. Bxb3 h6 18. Rc1 Nf8 19. Rc2 Nh5 20. Qb1 Bc6 21. d5 Bd7 22.
c4 a5 23. Rb2 Bc8 24. c5 bxc5 25. Bc4 Nf4 26. Rb6 Qa7 27. Qb3 Nh7 28. Rb1 Bf8
29. Qe3 Nh5 30. Qc3 N7f6 31. R6b5 Bd7 32. Rxa5 Qc7 33. Bb5 Nf4 34. Re1 Bg7 35.
Nc4 Ra8 36. Rxa8 Rxa8 37. Bxf4 exf4 38. Qd2 Bxb5 39. axb5 Ra4 40. Qc2 Rb4 41.
b6 Qb8 42. e5 Nxd5 43. exd6 Nxb6 44. Nxb6 Qxb6 45. Re8+ Kh7 46. d7 Bf6 47. Qd2
Rb1+ 48. Kh2 c4 49. Qd5 Kg7 50. Ne5 h5 1-0

[Event "Moscow Aeroflot rapid op qual"]
[Site "Moscow"]
[Date "2013.02.13"]
[Round "7"]
[White "Guseinov, Gadir"]
[Black "Kamsky, Gata"]
[Result "1/2-1/2"]
[WhiteElo "2623"]
[BlackElo "2740"]
[PlyCount "29"]
[EventDate "2013.02.12"]
[EventType "swiss (rapid)"]
[EventRounds "9"]
[EventCountry "RUS"]
[SourceTitle "CBM 152 Extra"]
[Source "ChessBase"]
[SourceDate "2013.02.25"]
[SourceVersion "1"]
[SourceVersionDate "2013.02.25"]
[SourceQuality "1"]

1. e4 c5 2. Nf3 e6 3. d4 cxd4 4. Nxd4 a6 5. Nc3 b5 6. Bd3 Ne7 7. O-O Ng6 8. f4
Bc5 9. Be3 Nc6 10. Nce2 Nxd4 11. Nxd4 Bb7 12. Qe2 O-O 13. Nb3 Bxe3+ 14. Qxe3
Rc8 15. a4 1/2-1/2

[Event "Moscow Aeroflot rapid op qual"]
[Site "Moscow"]
[Date "2013.02.13"]
[Round "8"]
[White "Kamsky, Gata"]
[Black "Mamedov, Rauf"]
[Result "1-0"]
[WhiteElo "2740"]
[BlackElo "2651"]
[PlyCount "60"]
[EventDate "2013.02.12"]
[EventType "swiss (rapid)"]
[EventRounds "9"]
[EventCountry "RUS"]
[SourceTitle "CBM 152 Extra"]
[Source "ChessBase"]
[SourceDate "2013.02.25"]
[SourceVersion "1"]
[SourceVersionDate "2013.02.25"]
[SourceQuality "1"]

1. d4 Nf6 2. Nf3 g6 3. Bg5 Bg7 4. c3 O-O 5. Nbd2 d6 6. e4 c5 7. dxc5 dxc5 8.
Be2 Nc6 9. O-O Qc7 10. h3 b6 11. Re1 Bb7 12. Qc2 Nh5 13. a4 Rad8 14. Bf1 h6 15.
Be3 Nf4 16. Nc4 Ne6 17. h4 a6 18. Qb3 Na5 19. Qxb6 Qxb6 20. Nxb6 Bxe4 21. Nd2
Bd3 22. Rac1 Bxf1 23. Kxf1 f5 24. Nbc4 Nxc4 25. Nxc4 g5 26. Bxg5 Kf7 27. Rxe6
Kxe6 28. Re1+ Kd5 29. Ne3+ Ke6 30. Nc2+ Kd5 1-0

[Event "Moscow Aeroflot rapid KO"]
[Site "Moscow"]
[Date "2013.02.15"]
[Round "1.1"]
[White "Lintchevski, Daniil"]
[Black "Kamsky, Gata"]
[Result "1-0"]
[WhiteElo "2528"]
[BlackElo "2740"]
[PlyCount "147"]
[EventDate "2013.02.15"]
[EventType "k.o. (rapid)"]
[EventRounds "2"]
[EventCountry "RUS"]
[SourceTitle "CBM 152 Extra"]
[Source "ChessBase"]
[SourceDate "2013.02.25"]
[SourceVersion "1"]
[SourceVersionDate "2013.02.25"]
[SourceQuality "1"]

1. Nf3 Nf6 2. c4 c6 3. d4 d5 4. e3 Bg4 5. h3 Bxf3 6. Qxf3 e6 7. Bd3 Be7 8. O-O
O-O 9. Nc3 Nbd7 10. Rd1 Re8 11. e4 dxe4 12. Nxe4 Nxe4 13. Qxe4 g6 14. Qe2 Bf6
15. Be3 Nb6 16. Be4 Qe7 17. Rac1 Rad8 18. b3 Rd7 19. Rd3 Red8 20. Rcd1 Nc8 21.
Bf3 Bg5 22. d5 cxd5 23. cxd5 Bxe3 24. Qxe3 exd5 25. Rxd5 Rxd5 26. Rxd5 Rxd5 27.
Bxd5 Qxe3 28. fxe3 b6 29. Kf2 Ne7 30. Bb7 Kg7 31. Kf3 Kf6 32. Ke4 Ke6 33. b4
Kd6 34. Ba6 f5+ 35. Kd4 Nc6+ 36. Kc4 Ne5+ 37. Kd4 Nc6+ 38. Kc4 Nd8 39. Bc8 h6
40. a3 Kc7 41. Ba6 Kc6 42. Bb5+ Kd6 43. Be8 g5 44. Kb5 Ne6 45. Bh5 Nc7+ 46. Kc4
Ke5 47. Bf3 Kd6 48. Bh5 Nd5 49. Kd4 Nc7 50. Kc4 a6 51. Bf3 Ke5 52. a4 Kd6 53.
a5 b5+ 54. Kd4 Ne6+ 55. Kd3 Ke5 56. Bb7 Nc7 57. Ke2 h5 58. g3 h4 59. gxh4 gxh4
60. Kf3 Kf6 61. Bc8 Ke5 62. Bb7 Kf6 63. e4 Ke5 64. exf5 Kxf5 65. Bc8+ Ke5 66.
Kg4 Kd4 67. Kxh4 Kc4 68. Kg5 Kxb4 69. h4 Kxa5 70. h5 b4 71. h6 b3 72. h7 b2 73.
Bf5 Ne6+ 74. Kg4 1-0

[Event "Moscow Aeroflot rapid KO"]
[Site "Moscow"]
[Date "2013.02.15"]
[Round "1.3"]
[White "Lintchevski, Daniil"]
[Black "Kamsky, Gata"]
[Result "0-1"]
[WhiteElo "2528"]
[BlackElo "2740"]
[PlyCount "88"]
[EventDate "2013.02.15"]
[EventType "k.o. (rapid)"]
[EventRounds "2"]
[EventCountry "RUS"]
[SourceTitle "CBM 152 Extra"]
[Source "ChessBase"]
[SourceDate "2013.02.25"]
[SourceVersion "1"]
[SourceVersionDate "2013.02.25"]
[SourceQuality "1"]

1. e4 e5 2. Nf3 Nc6 3. Nc3 Nf6 4. d4 exd4 5. Nxd4 Bb4 6. Nxc6 bxc6 7. Bd3 d5 8.
exd5 cxd5 9. O-O O-O 10. h3 h6 11. Qf3 c6 12. Bf4 Bd6 13. Ne2 Rb8 14. b3 c5 15.
Bxd6 Qxd6 16. Qf4 Qxf4 17. Nxf4 Rd8 18. Rfe1 Kf8 19. c3 a5 20. Bc2 Ba6 21. Rad1
Rd6 22. f3 g5 23. Nd3 Bxd3 24. Rxd3 Re8 25. Red1 Re2 26. R3d2 Rde6 27. Bd3 Rxd2
28. Rxd2 Ke7 29. Kf2 Kd6 30. a3 Re8 31. b4 axb4 32. axb4 Ra8 33. Be4 cxb4 34.
c4 b3 35. cxd5 Ra2 36. Ke3 Rxd2 37. Kxd2 Nxd5 38. g3 Ke5 39. Bh7 Kd4 40. h4 f6
41. Bg8 Ne3 42. hxg5 b2 43. Ba2 hxg5 44. Ke2 Nd5 0-1

[Event "Moscow Aeroflot rapid KO"]
[Site "Moscow"]
[Date "2013.02.15"]
[Round "2.1"]
[White "Kamsky, Gata"]
[Black "Smirnov, Pavel"]
[Result "1-0"]
[WhiteElo "2740"]
[BlackElo "2618"]
[PlyCount "180"]
[EventDate "2013.02.15"]
[EventType "k.o. (rapid)"]
[EventRounds "2"]
[EventCountry "RUS"]
[SourceTitle "CBM 152 Extra"]
[Source "ChessBase"]
[SourceDate "2013.02.25"]
[SourceVersion "1"]
[SourceVersionDate "2013.02.25"]
[SourceQuality "1"]

1. Nf3 Nf6 2. d4 d5 3. g3 e6 4. Bg2 Be7 5. O-O O-O 6. c4 dxc4 7. Ne5 Nc6 8.
Bxc6 bxc6 9. Nxc6 Qe8 10. Nxe7+ Qxe7 11. Qa4 e5 12. dxe5 Qxe5 13. Nc3 Ne4 14.
Qxc4 Nxc3 15. bxc3 Be6 16. Qd3 Rad8 17. Bf4 Qh5 18. Qa6 Qc5 19. Be3 Qxc3 20.
Rfc1 Qb2 21. Rab1 Qxa2 22. Qxa2 Bxa2 23. Ra1 Bb3 24. Bxa7 Rd2 25. Kf1 Rd7 26.
Be3 Be6 27. Bf4 Rc8 28. Rc5 f6 29. Rac1 c6 30. f3 g5 31. Be3 Bd5 32. g4 Kf7 33.
Bf2 Ra8 34. e4 Be6 35. Rxc6 Ra3 36. R6c3 Rd1+ 37. Kg2 Rxc1 38. Rxc1 Rd3 39. h4
h6 40. h5 Rd7 41. Rc3 Rb7 42. Bd4 Rd7 43. Be3 Rb7 44. Rc6 Bd7 45. Rd6 Be6 46.
Bf2 Rd7 47. Rc6 Rb7 48. Be3 Bd7 49. Ra6 Be6 50. Bd4 Rd7 51. Ra4 Bb3 52. Rb4 Be6
53. Kf2 Rc7 54. Ke3 Bc8 55. Rb8 Be6 56. e5 fxe5 57. Bxe5 Rc6 58. Rb7+ Ke8 59.
Ke4 Bd7 60. Ra7 Rb6 61. Bd4 Bc6+ 62. Kf5 Rb5+ 63. Kg6 Bxf3 64. Kxh6 Bxg4 65.
Kg6 Rd5 66. h6 Bf5+ 67. Kf6 Bd3 68. Re7+ Kd8 69. Bb6+ Kc8 70. Ke6 Rb5 71. Bd4
Rb4 72. Be5 Rc4 73. h7 Bxh7 74. Rxh7 g4 75. Rg7 Rc2 76. Bd6 g3 77. Bxg3 Rc1 78.
Bf4 Rc3 79. Rg8+ Kb7 80. Rb8+ Ka6 81. Kd5 Rd3+ 82. Kc5 Rc3+ 83. Kd5 Rd3+ 84.
Kc4 Rf3 85. Be5 Rf1 86. Bd6 Rc1+ 87. Kd5 Ka5 88. Bb4+ Ka4 89. Bc5 Rd1+ 90. Kc6
Rd2 1-0